02863cam a22004094i 4500003000900000005001700009008004100026035002000067040003300087100004200120245025600162264001000418300004000428336002100468337002500489338002300514502005900537504002700596520160700623526001002230526001002240526000902250526000902259526000902268526000902277526000902286526000902295526000902304526000802313526000802321526000802329526000802337526000802345650004602353650001702399700003702416PE-LiUPU20250731165442.0160913s2016 pe a grm 000 0 spa d a(Sirsi) a163403 aPE-LiUPUbspacPE-LiUPUerda1 aBastidas Chuquillanqui, Jairo,eautor1 aTipos de colostomía según su localización y la calidad de vida en los pacientes colostomizados que asisten al consultorio externo de cirugía general del Hospital Nacional Guillermo Almenara Irigoyen, Lima, 2015 /cJairo Bastidas Chuquillanqui. 0c2016. a126 hojas : bilustraciones;c30 cm atext2rdacontent aunmediated2rdamedia avolume2rdacarrier aTesisb(Lic.) -- cUniversidad Peruana Unión,d2016. aIncluye bibliografía3 aEl objetivo: Determinar la relación entre los tipos de colostomía según su localización y la calidad de vida en los pacientes colostomizados. Material y métodos: estudio de enfoque cuantitativo, diseño no experimental, de tipo correlacional, transversal. El tipo de muestreo fue no probabilístico, por conveniencia bajo criterios de inclusión y exclusión. La muestra estuvo constituida por 90 pacientes colostomizados. Se usó el cuestionario SF36 para medir la calidad de vida y para el tipo de colostomía según su localización, se utilizó una guía de evaluación. Resultados: Se evidenció que existe relación entre colostomía ascendente, transverso y calidad de vida en la dimensión física y mental con p=0,031 y 0,011 y p= 0,008 y 0,007, respectivamente. En cuanto a colostomía descendente y calidad de vida en la dimensión física no existe relación (p= 0,286) y en la dimensión mental existe relación (p=0,031), asimismo, en la colostomía sigmoidea y calidad de vida en las dimensiones física y mental no existe relación (p=0,210 y 0,340). Existe relación entre el tiempo de permanencia de la colostomía y la calidad de vida (p=0,036). La calidad de vida global de los pacientes colostomizados es de nivel bajo 27,8%, medio 51,5% y alto 13,4%. Conclusión: Los tipos de colostomizados se relacionan significativamente (pvalue=0,028), ya que estos pacientes experimentan situaciones desagradables debido a los cambios fisiológicos, dietéticos, psicológicos, estéticos, sociales y económicos que experimentan tras la cirugía. aSEG44 aSEG26 aP151 aP150 aP149 aP146 aP145 aP126 aP125 aP92 aP75 aP74 aP27 aP1504aPacientes colostomizadosxCalidad de vida04aColostomía1 aGalarza Ríos, Jhoselyn,eautor